Liturgia hoy. (Record no. 175691)

MARC details
000 -LEADER
campo de control de longitud fija 01139nam a2200289 i 4500
001 - NÚMERO DE CONTROL
campo de control 175691
003 - IDENTIFICADOR DE NÚMERO DE CONTROL
campo de control ES-MaACL
005 - FECHA Y HORA DE LA ÚLTIMA TRANSACCIÓN
campo de control 20250902041229.0
007 - CAMPO FIJO DE DESCRIPCIÓN FÍSICA--INFORMACIÓN GENERAL
campo de control de longitud fija t|
008 - DATOS DE LONGITUD FIJA--INFORMACIÓN GENERAL
campo de control de longitud fija 101117s1965 sp ||||1| spa d
080 ## - NÚMERO DE LA CLASIFICACIÓN DECIMAL UNIVERSAL
Número de la Clasificación Decimal Universal 27-528
245 00 - MENCIÓN DEL TÍTULO
Título Liturgia hoy.
Número de parte o sección de la obra Tomo I,
Nombre de parte o sección de la obra criterios conciliares de la renovación litúrgica /
Mención de responsabilidad, etc. edición preparada por José Mª Martín Patino ; [colaboradores: Josef A. Jungmann ... et al.].
260 ## - PUBLICACIÓN, DISTRIBUCIÓN, ETC.
Lugar de publicación, distribución, etc. Madrid :
Nombre del editor, distribuidor, etc. Razón y Fe,
Fecha de publicación, distribución, etc. imp. 1965.
300 ## - DESCRIPCIÓN FÍSICA
Extensión XXVII, 342 p. ;
Dimensiones 23 cm.
490 1# - MENCIÓN DE SERIE
Mención de serie Biblioteca "Razón y Fe" de Teología ;
Designación de volumen o secuencia 9
500 ## - NOTA GENERAL
Nota general Índices.
504 ## - NOTA DE BIBLIOGRAFÍA, ETC.
Nota de bibliografía, etc. Bibliografía: p. 15-16.
594 ## - Nota al título y mención de responsabilidad
Nota al título y mención de responsabilidad Precede al tít.: Universidad Pontificia de Comillas, Seminario de Estudios Pastorales.
611 04 - PUNTO DE ACCESO ADICIONAL DE MATERIA--NOMBRE DE REUNIÓN/CONGRESO
Nombre de congreso/reunión o jurisdicción como elemento de entrada Concilio Vaticano (
Número del congreso/reunión o número de parte o sección 2º.
Fecha del congreso o de la firma del tratado 1962-1965)
9 (RLIN) 122
650 04 - PUNTO DE ACCESO ADICIONAL DE MATERIA--TÉRMINO DE MATERIA
Término de materia o nombre geográfico como elemento de entrada Liturgia.
9 (RLIN) 14683
700 0# - ENTRADA AGREGADA--NOMBRE PERSONAL
Nombre de persona Martín Patino, José María.
9 (RLIN) 77597
700 0# - ENTRADA AGREGADA--NOMBRE PERSONAL
Nombre de persona Jungmann, Josef Andreas.
9 (RLIN) 67301
710 2# - ENTRADA AGREGADA--NOMBRE DE ENTIDAD CORPORATIVA
Nombre de entidad corporativa o nombre de jurisdicción como elemento de entrada Universidad Pontificia Comillas
9 (RLIN) 173007
830 00 - PUNTO DE ACCESO ADICIONAL DE SERIE-TÍTULO UNIFORME
Título uniforme Biblioteca "Razón y Fe" de teología
Designación de volumen o secuencia 9
9 (RLIN) 189823
852 ## - LOCALIZACIÓN
Ubicación ES-MaACL
Número de control de estantería E-13551
Encuadernación Olim P-859
Holdings
Estatus retirado Estado de pérdida Estado de daño No para préstamo Biblioteca de origen Biblioteca actual Ubicación en estantería Fecha de adquisición Fuente de adquisición Total de préstamos Signatura topográfica completa Código de barras Visto por última vez Precio de reemplazo Tipo de ítem Koha
        Biblioteca del Ateneo de Madrid Biblioteca del Ateneo de Madrid Depósito 2 17/11/2010     E-13551 1184494 23/02/2023 23/02/2023 Libro impreso